000
00332nam a2200145Ia 4500
100
_a
Zeines/Ben
650
_a
Electrical Engineering
942
_c
BK
654
_a
Applid Electronic
245
_a
Principles of Applid Electronic
260
_b
John wiley
_a
New York
_c
1963
082
_a
621.3
300
_a
425
546
_a
ENGLISH
999
_c
30991
_d
30991